Denmark 2022 FIFA World Cup Squad - Statistics

General Stats
  • This quiz has been taken 1,519 times
    1,431 since last reset
  • The average score is 14 of 27
Answer Stats
# Position Player % Correct
10 MF Christian Eriksen
95%
1 GK Kasper Schmeichel
93%
4 DF © Simon Kjær
81%
6 DF Andreas Christensen
79%
16 GK Oliver Christensen
78%
13 DF Rasmus Kristensen
78%
20 FW Yussuf Poulsen
66%
23 MF Pierre-Emile Højbjerg
65%
14 MF Mikkel Damsgaard
64%
5 DF Joakim Mæhle
61%
12 FW Kasper Dolberg
58%
9 FW Martin Braithwaite
53%
8 MF Thomas Delaney
52%
11 MF Andreas Skov Olsen
46%
2 DF Joachim Andersen
46%
7 MF Mathias Jensen
45%
15 MF Christian Nørgaard
43%
Manager Kasper Hjulmand
38%
24 MF Robert Skov
38%
18 DF Daniel Wass
37%
21 FW Andreas Cornelius
36%
26 DF Alexander Bah
35%
19 FW Jonas Wind
35%
22 GK Frederik Rønnow
34%
17 DF Jens Stryger Larsen
33%
25 MF Jesper Lindstrøm
28%
3 DF Victor Nelsson
24%
No matching quizzes found
Score Distribution
Percent of People with Each Score
Percentile by Number Answered
Your Score History
You have not taken this quiz since the last reset